| 000 | 00579nam a2200193Ia 4500 | ||
|---|---|---|---|
| 003 | GCL | ||
| 008 | 140319s9999 xx 000 0 ara d | ||
| 020 | _a4705887977 | ||
| 040 |
_aGCL / _cGCL |
||
| 082 | 0 | 4 |
_a818.02 _bس ح |
| 100 | 1 | _aسمير الجمل | |
| 245 | 1 | 0 |
_aحكومة الطراوة / _cسمير الجمل |
| 250 | _aالاولى | ||
| 260 |
_aالقاهرة : _bدار الاحمدى للنشر ، _c2004 |
||
| 300 |
_a210ص ؛ _c24سم |
||
| 650 | 0 | 4 | _aالاهاجى والفكاهات العربية |
| 650 | 0 | 4 | _aالادب الساخر |
| 942 |
_2ddc _cBK |
||
| 999 |
_c8640 _d8640 |
||